000 00405 a2200157 4500
005 20250626121510.0
020 _a0-273-68598-8
082 _a658.15 VAN
100 _aVAN HORNE, J. C
245 _aFundamentals of Financial Management
250 _a12th Ed.
260 _aNew York,
_bPrentice Hall,
_c2001.
300 _a695p.; ill.; figure
_bIndex
_c26cm
700 _aWACHOWICZ, J. M.
942 _2ddc
_cBKS
999 _c5307
_d5307